Statistics for Countries with the Most Reserve Troops

Click here to take the quiz!

General Stats

  • This quiz has been taken 13 times
  • The average score is 15 of 20

Answer Stats

ReservesCountry% Correct
1,170,000China
100%
1,155,000India
100%
2,000,000Russia
100%
744,950United States
100%
1,340,000Brazil
92%
479,000Egypt
92%
350,000Iran
92%
600,000North Korea
92%
3,100,000South Korea
92%
400,000Indonesia
83%
550,000Pakistan
83%
465,000Israel
75%
1,657,000Taiwan
75%
254,000Finland
67%
5,000,000Vietnam
67%
900,000Ukraine
58%
289,500Belarus
42%
252,500Singapore
42%
330,000Azerbaijan
25%
378,700Türkiye
17%

Score Distribution

Percentile by Number Answered

Percent of People with Each Score

Your Score History

You have not taken this quiz